000 00584nam a2200181Ia 4500
003 GCL
008 140319s9999 xx 000 0 ara d
040 _aGCL /
_cGCL
082 0 4 _a811.009
_bع ع
100 1 _aعبدالعزيز عبدالرحمن
245 1 0 _aعمر ابن معد يكرب الزبيدى الصحابى الفارس الشاعر /
_cعبدالعزيز عبدالرحمن
300 _a186 ص
490 _a100 قصة
_v0
650 0 4 _aالعصر الجاهلى
650 0 4 _aالشعر الجاهلى
650 0 4 _aالشعراء العرب
942 _2ddc
_cBK
999 _c43882
_d43882